01098nam a2200301 i 4500001001000000003000200010005001700012007000300029008004100032020001800073040003000091041000800121082002800129100003100157245008700188264010200275300002700377336002700404337003300431338002900464490006300493500006000556500002900616650003800645650001600683650002700699710007000726000046793 20251017100509.0ta180326e2016 dr ac jr 001 0dspa d a9789945484212 aDO-SdBPMbspacBPMSUerda hspa 4aRD863.5bC794h 20162221 aCordero, Jesús e autor 13a Héroes del Caliche :bAntogía de microrelatos /cselección Jesús Cordero aSan Cristóbal, República Dominicana :b Fundación Literaria Aníbal Montaño(FLAM),c2016 a98 páginas ;c23 cm. 2rdacontentatextobtxt 2rdamediaasin mediaciónbn 2rdacarrier avolumenbnc0 aNuevos narradores sancristobalenses;aCo Marca Provincia ; aIncluye datos biográficos de la autora en las solapas a20 aniversario 1997-2017 7aCuentos dominicanos vColecciones 7aMicrocuento 7aLiteratura dominicana 2 aFundación Literaria Aníbal Montaño (República Dominicana)